Návrh minimalizácie tvorby pevných rádioaktívnych odpadov v jadrových elektrárňach tdypu VVER-440 v podmienkach SR /

Na minha lista:
Detalhes bibliográficos
Autor principal: Holan, Karol (Author)
Formato: Manuscrito Livro
Idioma:eslovaco
Publicado em: Bratislava : SVŠT v Bratislave SjF, 1989
Tags: Adicionar Tag
Sem tags, seja o primeiro a adicionar uma tag!

MARC

LEADER 00000ntm a22000003a 4500
001 stu32170
005 20150617225732.5
008 950410s1989----xo------------------slo-d
040 |a STU  |b slo 
041 0 |a slo 
044 |a xo 
080 |a 621.039.7...16 
100 1 |a Holan, Karol  |4 aut 
245 1 |a Návrh minimalizácie tvorby pevných rádioaktívnych odpadov v jadrových elektrárňach tdypu VVER-440 v podmienkach SR /  |c [aut.] Holan,Karol 
260 |a Bratislava :  |b SVŠT v Bratislave SjF,  |c 1989 
300 |a 232 s  |c príloha 
996 |b J88559  |c J*88559  |l JJSK  |s A  |a 24  |w stu32170_0001